| 000 | 00553 a2200253 4500 | ||
|---|---|---|---|
| 260 | _aParis | ||
| 630 | _a17 - Morale. Ethique. Philosophie pratique | ||
| 037 | _b2, CIUF | ||
| 650 | _a1 - PHILOSOPHIE ET PSYCHOLOGIE | ||
| 100 | _aLefebvre, René | ||
| 260 | _bEllipses | ||
| 245 | _aLa Justice | ||
| 300 | _a62p | ||
| 650 | _aJustice : Philosophie | ||
| 260 | _c2000 | ||
| 300 | _b19 cm | ||
| 100 | _lFr | ||
| 440 | _aPhilo-notions | ||
| 037 | _a08/174 | ||
| 037 | _a08/175 | ||
| 020 | _a2-7298-0327-0 | ||
| 999 |
_c45799 _d45799 |
||